000 00973na a2200289 4500
001 14918
003 MIRAKIL
005 20181213155028.0
008 161006b tu 000 0
035 _a14918
040 _aMilas
_btur
_cTR-AnCHP
041 _atur
082 _a926 Işık,M.K.
_bC44h 2009
090 _a926 Işık,M.K. C44h 2009
100 _aIşık, M.Kemal
245 _aHilenin zaferi yatsıya kadar
_bBir bürokratın onurlu hukuk savaşı
_cM.Kemal Işık ; hazırlayan Tanju Cılızoğlu
246 _aBir bürokratın onurlu hukuk savaşı
260 _aİstanbul
_b[yayl.y.]
_c2009
300 _a356 s.
_bres.
_c24 sm.
600 _aIşık,M.Kemal
_cYüksek Mühendis
_xAnılar
610 _aTürkiye Petrol Rafinerileri A.Ş. (TÜPRAŞ)
_xYolsuzluklar
650 _aKamu yöneticileri
_xYaşamöyküsü
_zTürkiye
650 _aHukuksuzluk
_zTürkiye
650 _aYolsuzluk
_zTürkiye
700 _aCılızoğlu,H.Tanju
942 _2ddc
_cBKS
999 _c5123
_d5123